000 00771nam a2200181 4500
001 3216
005 20181127170819.0
008 891129s1982 enk j 000 1 eng
010 _a 85119141
020 _a9780143332442
100 1 _aDesai, Anita,
_d1937-
245 1 4 _aThe village by the sea /
_b
_cAnita Desai.
260 _aNew Delhi :
_bPenguin Books,
_c2012.
_g
300 _a259 p. ;
_c18 cm.
520 _aWhen their family falls on hard times, thirteen-year-old Lila and her twelve-year-old brother, Hari, try desperately to keep their home intact--an almost impossible task until Hari gets a chance to go to Bombay and returns with some positive plans for the future.
650 1 _aFamily life
_zIndia
_xFiction.
651 1 _aIndia
_xSocial life and customs
_xFiction.
999 _c2600
_d2600